Sahitya sourabh (Record no. 8193)
[ view plain ]
| 000 -LEADER | |
|---|---|
| fixed length control field | 00555cam a2200217ua 4500 |
| 001 - CONTROL NUMBER | |
| control field | 9128 |
| 005 - DATE AND TIME OF LATEST TRANSACTION | |
| control field | 20260515114428.0 |
| 008 - FIXED-LENGTH DATA ELEMENTS--GENERAL INFORMATION | |
| fixed length control field | 160617n ii |||gr||||Z||||||asm |
| 040 ## - CATALOGING SOURCE | |
| Transcribing agency | MAIN |
| 041 ## - LANGUAGE CODE | |
| Language code of text/sound track or separate title | asm |
| 082 ## - DEWEY DECIMAL CLASSIFICATION NUMBER | |
| Classification number | 891.451 |
| 100 ## - MAIN ENTRY--PERSONAL NAME | |
| Personal name | Pathak, R., |
| Relator term | Editor. |
| 245 ## - TITLE STATEMENT | |
| Title | Sahitya sourabh |
| Statement of responsibility, etc. | Edited by Ramesh Pathak |
| 250 ## - EDITION STATEMENT | |
| Edition statement | 1st. |
| 260 ## - PUBLICATION, DISTRIBUTION, ETC. | |
| Place of publication, distribution, etc. | Guwahati: |
| Name of publisher, distributor, etc. | Chandra, |
| Date of publication, distribution, etc. | 2011. |
| 300 ## - PHYSICAL DESCRIPTION | |
| Extent | 132p. |
| 653 ## - INDEX TERM--UNCONTROLLED | |
| Uncontrolled term | East Indo-European & Celtic literatures |
| 653 ## - INDEX TERM--UNCONTROLLED | |
| Uncontrolled term | Assamese literature |
| 653 ## - INDEX TERM--UNCONTROLLED | |
| Uncontrolled term | High secondary 2nd year Assamese |
| 942 ## - ADDED ENTRY ELEMENTS (KOHA) | |
| Koha item type | Books |
| Withdrawn status | Lost status | Damaged status | Not for loan | Home library | Current library | Shelving location | Date acquired | Total checkouts | Full call number | Barcode | Date last seen | Date last checked out | Copy number | Price effective from | Koha item type |
|---|---|---|---|---|---|---|---|---|---|---|---|---|---|---|---|
| Naharkatiya College Library | Naharkatiya College Library | General stacks | 09/19/2020 | 3 | 891.451 | SAH | 20119 | 05/20/2023 | 05/20/2023 | 1 | 09/19/2020 | Books | ||||
| Naharkatiya College Library | Naharkatiya College Library | General stacks | 09/19/2020 | 1 | 891.451 | SAH | 20120 | 06/25/2022 | 06/20/2022 | 6 | 09/19/2020 | Books | ||||
| Naharkatiya College Library | Naharkatiya College Library | General stacks | 09/19/2020 | 5 | 891.451 | SAH | 20121 | 05/09/2024 | 04/26/2024 | 3 | 09/19/2020 | Books | ||||
| Naharkatiya College Library | Naharkatiya College Library | General stacks | 09/19/2020 | 1 | 891.451 | SAH | 20122 | 06/20/2022 | 06/20/2022 | 2 | 09/19/2020 | Books | ||||
| Naharkatiya College Library | Naharkatiya College Library | General stacks | 09/19/2020 | 3 | 891.451 | SAH | 20123 | 05/13/2025 | 04/28/2025 | 4 | 09/19/2020 | Books | ||||
| Naharkatiya College Library | Naharkatiya College Library | General stacks | 09/19/2020 | 891.451 | SAH | 22760 | 09/19/2020 | 5 | 09/19/2020 | Books |